| 000 | 00551nam a2200217Ia 4500 | ||
|---|---|---|---|
| 003 | OSt | ||
| 005 | 20230614153741.0 | ||
| 008 | 210423s2008 xx 000 0 und d | ||
| 020 | _a100849373026 | ||
| 040 | _cAL | ||
| 041 | _aeng | ||
| 082 |
_a615.9 _223 _bTIMJ |
||
| 100 |
_aTIMBRELL (John A). _9100527 |
||
| 245 | _aPrinciples of biochemical toxicology. | ||
| 250 | _a4 | ||
| 260 |
_aNew York _bInforma healthcare _c2008 |
||
| 300 | _aviii,453 | ||
| 365 |
_b3750 _cINR |
||
| 906 | _abiochemical ; Principles ; toxicology | ||
| 942 |
_2ddc _cBK |
||
| 999 |
_c163976 _d163976 |
||